Rezervní fond obchodních společností Z hlediska vztahu obchodního zákoníku a účtové osnovy pro podnikatele
Pojem rezervného fondu podľa obchodného zákonníka. Tvorba rezervného fondu podľa obchodného zákonníka a účtovných osnov. Výška rezervného fondu a jeho použitie.
Salvato in:
| Autore principale: | |
|---|---|
| Natura: | Capitolo di libro |
| Lingua: | ceco |
| Soggetti: | |
| Tags: |
Nessun Tag, puoi essere il primo ad aggiungerne!!
|
MARC
| LEADER | 00000naa a2200000 4500 | ||
|---|---|---|---|
| 001 | r000028 | ||
| 005 | 20221213083358.6 | ||
| 041 | 0 | |a cze | |
| 044 | |a CZ | ||
| 245 | 1 | 0 | |a Rezervní fond obchodních společností |b Z hlediska vztahu obchodního zákoníku a účtové osnovy pro podnikatele |c J. Dědič |
| 520 | |a Pojem rezervného fondu podľa obchodného zákonníka. Tvorba rezervného fondu podľa obchodného zákonníka a účtovných osnov. Výška rezervného fondu a jeho použitie. | ||
| 610 | 2 | 0 | |a fond rezervný |
| 610 | 2 | 0 | |a spoločnosti obchodné |
| 610 | 2 | 0 | |a osnova účtová |
| 610 | 2 | 0 | |a zákonník obchodný |
| 610 | 2 | 0 | |a Česko |
| 610 | 2 | 0 | |a podnikatelia |
| 100 | 1 | |a Dědič, J. | |